000 00695cab a2200229 4500
001 WB3325-06
008 090401t1997 xxu||||| |||| 00| 0 eng d
035 _a(Sirsi) u79253
041 _aeng
245 _aNew guidance document
260 _c1997
350 _a0
490 _aDOE Press Release
_v(236/ENV) 20 June 1997, (2)
520 _aThe British Cement Association has published a new guidance document "Basements for Dwellings" £15.50. Details.
650 _aBASEMENTS
650 _aBRITISH CEMENT ASSOCIATION
650 _aBUILDING ACT 1984
650 _aBUILDING REGULATIONS 1991
690 _aBUILT ENVIRONMENT-CONSTRUCTION DESIGN
942 _n0
948 _c26/06/1997
999 _c49824
_d49824